The Diamond Fairy Book (Record no. 267249)
[ view plain ]
| 000 -LEADER | |
|---|---|
| fixed length control field | 01778cam a22002533a 4500 |
| 001 - CONTROL NUMBER | |
| control field | 37995 |
| 003 - CONTROL NUMBER IDENTIFIER | |
| control field | PGUSA |
| 005 - DATE AND TIME OF LATEST TRANSACTION | |
| control field | 20140828083832.0 |
| 008 - FIXED-LENGTH DATA ELEMENTS--GENERAL INFORMATION | |
| fixed length control field | 111112s2011||||xxu|||||s|||||000 | eng d |
| 040 ## - CATALOGING SOURCE | |
| Original cataloging agency | PGUSA |
| Language of cataloging | eng |
| 042 ## - AUTHENTICATION CODE | |
| Authentication code | dc |
| 050 #4 - LIBRARY OF CONGRESS CALL NUMBER | |
| Classification number | PZ |
| 245 14 - TITLE STATEMENT | |
| Title | The Diamond Fairy Book |
| Medium | [electronic resource] / |
| Statement of responsibility, etc | Various |
| 260 ## - PUBLICATION, DISTRIBUTION, ETC. (IMPRINT) | |
| Name of publisher, distributor, etc | Project Gutenberg, |
| Date of publication, distribution, etc | 2011 |
| 505 0# - FORMATTED CONTENTS NOTE | |
| Formatted contents note | Princess Crystal, or the hidden treasure / by Isabel Bellerby -- The story of the invisible kingdom / from the German of Richard Leander -- How Sampo Lappelill saw the mountain king / from the Swedish of Z. Topelius -- The witch-dancer's doom / a Breton legend -- The three valleys / from the German -- The spring-tide of love / by Pleydell North (Mrs. Egerton Eastwick) -- Ringfalla bridge / by K.E. Sutter -- The children's fairy / from the French of Saint-Juirs -- Wittysplinter / from the German of Clemens Brentano -- The mid-day rock / from the French of J. Jarry -- Lillekort / from the French of Xavier Marmier -- The ten little fairies / from the French of Georges Mitchell -- The magician and his pupil / from the German of A. Godin -- The strawberry thief / from the German of Pauline Schanz -- The adventures of Said / from the German of W. Hauff -- Little blue flower / from the German of Miss F.E. Hynam -- "The princess who despised all men" / by Charles Smith Cheltnam -- The neckless of tears / by Mrs. Egerton Eastwick -- The prince and the lions / from the Persian. |
| 506 ## - RESTRICTIONS ON ACCESS NOTE | |
| Terms governing access | Public domain in the USA. |
| 516 ## - TYPE OF COMPUTER FILE OR DATA NOTE | |
| Type of computer file or data note | Electronic text |
| 653 ## - INDEX TERM--UNCONTROLLED | |
| Uncontrolled term | Fairy tales |
| 700 1# - ADDED ENTRY--PERSONAL NAME | |
| Personal name | Millar, H. R. |
| Fuller form of name | (Harold Robert), |
| Dates associated with a name | 1869-1942 |
| 700 1# - ADDED ENTRY--PERSONAL NAME | |
| Personal name | Papé, Frank Cheyne, |
| Dates associated with a name | 1878-1972 |
| 830 #0 - SERIES ADDED ENTRY--UNIFORM TITLE | |
| Uniform title | Project Gutenberg |
| Volume number/sequential designation | 37995 |
| 856 40 - ELECTRONIC LOCATION AND ACCESS | |
| Uniform Resource Identifier | <a href="http://www.gutenberg.org/ebooks/37995">http://www.gutenberg.org/ebooks/37995</a> |
| 942 ## - ADDED ENTRY ELEMENTS (KOHA) | |
| Koha item type | eBooks |
| Withdrawn status | Lost status | Damaged status | Home library | Current library | Date acquired | Total Checkouts | Date last seen | Price effective from | Koha item type |
|---|---|---|---|---|---|---|---|---|---|
| Project Gutenberg | Project Gutenberg | 08/28/2014 | 08/28/2014 | 08/28/2014 | eBooks |